01201nam a2200265 a 450000100100000000500170001000800410002702000180006804000250008608200180011110000320012924500460016126000380020730000210024549000120026659000270027858600380030571000560034383000190039995201310041895201310054995201160068095201220079699900170091800004743220240313073820.0180529s2017 dr 000 p spa d a9789945590609 aDO-SdBNPbspacBNPHU aRD861.bC527p1 aChevalier, Nan,d1965-935010aPresas de la inmediatez /cNan chevalier. aSanto Domingo :bFUNGLODE,c2017. a149 p. ;c24 cm.1 aPremios aInventariado, 2018/ YL aFunglode Poesía Pedro Mir, 201622aFundación Global Democracía y Desarrollo925477 0aPremios914100 001054708DSaGRbGRcHDd2018-06-27iLF1l0oRD861. C527pp47432-40r2020-06-25te. 3w2020-06-25yLFDSZPréstamo en sala 001054708DSaGRbGRcHDd2018-11-01iLF1l0oRD861. C527pp47432-50r2020-06-25te. 4w2020-06-25yLFDSZPréstamo en sala 0010718PDaPDbPDcHDd2018-05-29iLF1l0oRD861. C527pp47432-10r2020-06-25w2020-06-25yLFPDZNo se presta 0010718PDaPDbPDcHDd2018-05-29iLF1l0oRD861. C527pp47432-20r2020-06-25te. 2w2020-06-25yLFPDZNo se presta c46920d46920